[Event "Ä11Â"]
[Site "Loo"]
[Date "2017.04.25"]
[Round "6.13"]
[White "Îëåñê, Êàìèëëà."]
[Black "Äîëèíñêàÿ, Ìàðèÿ."]
[Result "1/2-1/2"]
[WhiteElo "1358"]
[BlackElo "1128"]
[PlyCount "87"]
[EventDate "2017.04.20"]

1. e4 e5 2. Nf3 Nc6 3. Bb5 a6 4. Ba4 Nf6 5. d3 b5 6. Bb3 Bc5 7. O-O d6 8. c3
O-O 9. Nbd2 Bb6 10. a3 Ne7 11. h3 Ng6 12. Re1 Qe7 13. Nf1 Be6 14. Bc2 Rfd8 15.
Ng3 Rac8 16. Bg5 h6 17. Bxf6 Qxf6 18. d4 Nf4 19. Nf5 Ng6 20. h4 exd4 21. cxd4
Bxf5 22. exf5 Nxh4 23. Nxh4 Qxh4 24. Re4 Qf6 25. Qd2 d5 26. Re5 c5 27. Bb3 cxd4
28. Rxd5 Rxd5 29. Bxd5 Qxf5 30. Bb7 Rd8 31. Bxa6 Qd7 32. a4 bxa4 33. Qb4 Qd6
34. Rxa4 d3 35. Qd2 Qc6 36. Ra1 Qc2 37. Rd1 Ba5 38. Bxd3 Qb3 39. Qc2 Qxc2 40.
Bxc2 Rxd1+ 41. Bxd1 Kf8 42. Kf1 Ke7 43. Ke2 Ke6 44. Bb3+ 1/2-1/2

[Event "Ä11Â"]
[Site "Loo"]
[Date "2017.04.25"]
[Round "6.14"]
[White "Èëüèíà, Ìàðãàðèòà."]
[Black "Ïåòðîâà, Åëèçàâåòà."]
[Result "1-0"]
[WhiteElo "1226"]
[BlackElo "1350"]
[PlyCount "105"]
[EventDate "2017.04.20"]

1. e4 c5 2. c3 Nf6 3. e5 Nd5 4. d4 cxd4 5. cxd4 e6 6. Nf3 b6 7. Bc4 Bb7 8. O-O
Be7 9. Qe2 d6 10. Re1 Nd7 11. a3 Rc8 12. Bxd5 Bxd5 13. Nc3 Bc6 14. Bf4 dxe5 15.
Nxe5 Nxe5 16. Bxe5 Bf6 17. Bxf6 Qxf6 18. d5 Bd7 19. dxe6 Qxe6 20. Qd1 O-O 21.
Rxe6 Bxe6 22. Qf3 Rfe8 23. Qg3 Bf5 24. Nb5 Rcd8 25. Nd6 Bg6 26. Nxe8 Rxe8 27.
Rd1 h6 28. h3 a5 29. Qc7 Kh7 30. Qxb6 Re2 31. Qxa5 Rxb2 32. Qc3 Rc2 33. Qd4 Rc8
34. a4 Ra8 35. Ra1 Re8 36. a5 Ra8 37. Qb6 Re8 38. a6 Ra8 39. a7 Rc8 40. a8=Q
Rxa8 41. Rxa8 Be4 42. Qb8 Bxa8 43. Qxa8 h5 44. g3 g6 45. Qf8 h4 46. Qxf7+ Kh8
47. Qxg6 hxg3 48. Qxg3 Kh7 49. f4 Kh8 50. Qg5 Kh7 51. f5 Kh8 52. f6 Kh7 53.
Qg7# 1-0

[Event "Ä11Â"]
[Site "Loo"]
[Date "2017.04.25"]
[Round "6.15"]
[White "Çàéöåâà, Äàðüÿ."]
[Black "Ïëåùåâà, Äàðüÿ."]
[Result "1-0"]
[WhiteElo "1348"]
[BlackElo "1165"]
[PlyCount "71"]
[EventDate "2017.04.20"]

1. d4 Nf6 2. c4 g6 3. Nc3 Bg7 4. e4 d6 5. f3 Nfd7 6. Be3 Nc6 7. Nge2 O-O 8. Qd2
a6 9. Bh6 e6 10. Bxg7 Kxg7 11. O-O-O Rb8 12. h4 Nf6 13. h5 Rh8 14. g4 b5 15.
cxb5 axb5 16. Ng3 b4 17. Na4 Bd7 18. g5 Ne8 19. b3 Na5 20. Nb2 Rb6 21. Kb1 Rb8
22. f4 Qc8 23. Qh2 Bb5 24. hxg6 fxg6 25. Bh3 c6 26. f5 exf5 27. exf5 Qb7 28.
Bg4 Qf7 29. fxg6 Qxg6+ 30. Nf5+ Kg8 31. Qf4 Ng7 32. Rh6 Qf7 33. Rf6 Ne6 34.
Nh6+ Kg7 35. Rxf7+ Kg6 36. Qf6# 1-0

[Event "Ä11Â"]
[Site "Loo"]
[Date "2017.04.25"]
[Round "6.16"]
[White "Ãóðãåíèäçå, Àëåêñàíäðà."]
[Black "Áåëîóñîâà, Ñîôüÿ."]
[Result "1-0"]
[WhiteElo "1433"]
[BlackElo "1319"]
[PlyCount "65"]
[EventDate "2017.04.20"]

1. e4 c5 2. Nf3 d6 3. d4 cxd4 4. Qxd4 Nc6 5. Bb5 Bd7 6. Bxc6 Bxc6 7. Nc3 h6 8.
Be3 e5 9. Qd3 Nf6 10. O-O-O Qa5 11. Kb1 O-O-O 12. Qc4 Qc7 13. Nb5 Bxb5 14. Qxb5
a6 15. Qb3 Qc6 16. Nd2 Nxe4 17. Nxe4 Qxe4 18. Qxf7 Qxg2 19. f3 Kb8 20. Rhg1 Qh3
21. Rg4 h5 22. Bb6 Rc8 23. Rb4 Ka8 24. Ba7 b5 25. Bf2 Be7 26. Qxe7 Rc5 27. Bxc5
dxc5 28. Qxc5 Qxf3 29. Qd6 g6 30. Qxa6+ Kb8 31. Rxb5+ Kc7 32. Qb6+ Kc8 33. Qb8#
1-0

[Event "Ä11Â"]
[Site "Loo"]
[Date "2017.04.25"]
[Round "6.17"]
[White "Ôèëàòîâà, Ñîôüÿ."]
[Black "Ëè, Äàðèíà."]
[Result "0-1"]
[WhiteElo "1401"]
[BlackElo "1310"]
[PlyCount "120"]
[EventDate "2017.04.20"]

1. e4 e5 2. Bc4 Nf6 3. d3 Be7 4. Nf3 d6 5. h3 O-O 6. c3 Nc6 7. O-O d5 8. Bb3
dxe4 9. dxe4 Qxd1 10. Rxd1 Nxe4 11. Re1 Nf6 12. Nxe5 Nxe5 13. Rxe5 Bd6 14. Re2
Bf5 15. Nd2 Rfe8 16. Rxe8+ Rxe8 17. Nf3 Re2 18. Bc4 Re8 19. Be3 h6 20. Bb3 a6
21. Nd4 Bg6 22. Ne2 Be4 23. Rd1 Bc6 24. Nd4 Bd5 25. c4 Be4 26. f3 Bxf3 27. Nxf3
Rxe3 28. Nd4 Bc5 29. Kh1 Ne4 30. Kh2 Bd6+ 31. Kg1 Nc5 32. Bc2 g6 33. Nb3 Nxb3
34. Bxb3 Bg3 35. Kf1 Kg7 36. c5 c6 37. Bc4 Re7 38. Rc1 f6 39. b4 g5 40. a4 h5
41. b5 axb5 42. axb5 g4 43. bxc6 bxc6 44. Bb3 f5 45. Ba4 Re6 46. Bb3 Rf6 47.
Rd1 f4 48. hxg4 hxg4 49. Rd8 Rf8 50. Rd7+ Kh8 51. Ba4 Re8 52. Rd1 Re6 53. Rd8+
Kg7 54. Rd7+ Kf8 55. Rd1 f3 56. Bb3 Re8 57. Ba4 f2 58. Rd8 Rxd8 59. Ke2 Re8+
60. Kf1 Re1# 0-1

[Event "Ä11Â"]
[Site "Loo"]
[Date "2017.04.25"]
[Round "6.18"]
[White "Êóçíåöîâà, Þëèÿ."]
[Black "Ìóòèíà, Êñåíèÿ."]
[Result "1-0"]
[WhiteElo "1304"]
[BlackElo "1376"]
[PlyCount "95"]
[EventDate "2017.04.20"]

1. e4 c6 2. d4 d5 3. Nc3 dxe4 4. Nxe4 Bf5 5. Ng3 Bg6 6. Bc4 Nf6 7. N1e2 e6 8.
Nf4 Nbd7 9. O-O Bd6 10. Re1 Bxf4 11. Bxf4 O-O 12. h4 h6 13. h5 Bh7 14. Qd2 Ng4
15. Ne4 Qh4 16. Nc5 Nxc5 17. dxc5 Qxh5 18. Bd6 Rfd8 19. Qf4 Bxc2 20. f3 Nf6 21.
Re5 Qg6 22. Rae1 Nd5 23. Qd4 Nf6 24. a4 Ne8 25. Rxe6 Qg5 26. Re7 Nxd6 27. cxd6
Rf8 28. d7 Rad8 29. Re8 Bf5 30. Rxd8 Qxd8 31. Rd1 Kh7 32. Qxa7 Qc7 33. Ba6 Rb8
34. Qxb8 Qxb8 35. d8=Q Qg3 36. Bd3 Bxd3 37. Qxd3+ g6 38. Qd6 Qg5 39. Qd2 Qc5+
40. Qd4 Qh5 41. Qb4 Kg7 42. Rc1 Qg5 43. Re1 h5 44. Qd4+ Kh7 45. Re8 Qc1+ 46.
Kh2 f6 47. Qxf6 Kh6 48. Rh8# 1-0

[Event "Ä11Â"]
[Site "Loo"]
[Date "2017.04.25"]
[Round "6.19"]
[White "Ëåçèíà, Àííà."]
[Black "Áóâàéëîâà, Ïîëèíà."]
[Result "0-1"]
[WhiteElo "1325"]
[BlackElo "1304"]
[PlyCount "134"]
[EventDate "2017.04.20"]

1. e4 d6 2. d4 Nf6 3. Nc3 g6 4. f3 e5 5. d5 Be7 6. Bh6 Nbd7 7. Qd2 Nb6 8. Bd3
Bd7 9. Nge2 c6 10. dxc6 Bxc6 11. b3 Qd7 12. a4 O-O-O 13. O-O d5 14. a5 Na8 15.
exd5 Bxd5 16. Be3 a6 17. Rfb1 Bc6 18. b4 Nc7 19. Bb6 Rde8 20. Qd1 Ncd5 21. Nxd5
Nxd5 22. c3 Nxb6 23. axb6 Rd8 24. Bc2 Qd2 25. Qxd2 Rxd2 26. Bd1 Bb5 27. Ng3 f5
28. Nf1 Rd6 29. Bb3 Rxb6 30. c4 Bd7 31. b5 Kc7 32. bxa6 Rxa6 33. Rxa6 bxa6 34.
Ra1 Bc5+ 35. Kh1 Rb8 36. Bc2 Kb7 37. h3 Ra8 38. Nd2 a5 39. Nb3 Bb4 40. Rb1 Kc7
41. Nc1 Bd2 42. Nb3 Bc3 43. Nc5 Bc8 44. Na4 Bb4 45. Rd1 Be6 46. Bb3 Rd8 47.
Rxd8 Kxd8 48. Kg1 Kc7 49. Kf2 Kd6 50. Ke3 Bd7 51. Nb6 Bc5+ 52. Kd3 Bxb6 53. Kc3
Bc5 54. Kd3 Bc6 55. Kc3 Bb4+ 56. Kd3 a4 57. Ba2 e4+ 58. Ke3 exf3 59. gxf3 g5
60. f4 g4 61. hxg4 fxg4 62. Kf2 h5 63. Kg3 Kc5 64. Kh4 Be8 65. Kg3 Kd4 66. Kh4
Kc3 67. f5 Kb2 0-1

[Event "Ä11Â"]
[Site "Loo"]
[Date "2017.04.25"]
[Round "6.20"]
[White "Øèõàëèåâà, Àðèàíà."]
[Black "Ìèõàéëèíà, Îëüãà."]
[Result "1-0"]
[WhiteElo "1325"]
[BlackElo "1274"]
[PlyCount "71"]
[EventDate "2017.04.20"]

1. e4 c5 2. Nf3 e6 3. d4 cxd4 4. Nxd4 a6 5. Nc3 b5 6. Be2 Bb7 7. Bf3 Qc7 8. O-O
d6 9. g3 Nd7 10. Bg2 Ngf6 11. Re1 b4 12. Na4 Be7 13. c3 bxc3 14. Nxc3 O-O 15.
Kh1 Rad8 16. f4 Nc5 17. Qc2 e5 18. fxe5 dxe5 19. Nf5 Rd3 20. Nxe7+ Qxe7 21. Na4
Rc8 22. Nxc5 Rdd8 23. b4 a5 24. a3 Nd7 25. Qf2 Nxc5 26. bxc5 Rxc5 27. a4 Rdc8
28. Ba3 Qc7 29. Bxc5 Qxc5 30. Qxc5 Rxc5 31. Red1 Rc8 32. Rd7 Bc6 33. Rd6 Bb7
34. Rad1 h6 35. Rd8+ Rxd8 36. Rxd8+ 1-0

[Event "Ä13Ï"]
[Site "Loo"]
[Date "2017.04.25"]
[Round "6.1"]
[White "Æóðîâà, Àííà."]
[Black "Õàéáóëëèíà, Ðàóøàíà."]
[Result "1-0"]
[WhiteElo "1843"]
[BlackElo "1750"]
[PlyCount "75"]
[EventDate "2017.04.20"]

1. e4 c5 2. Nc3 e6 3. Nge2 Nc6 4. g3 a6 5. a4 Nf6 6. Bg2 Be7 7. d3 O-O 8. O-O
Qc7 9. h3 d6 10. Be3 Bd7 11. f4 d5 12. e5 Ne8 13. d4 Na5 14. b3 f6 15. f5 cxd4
16. fxe6 Bc6 17. exf6 Nxf6 18. Bxd4 Ne4 19. Qd3 Nd6 20. Nf4 Rae8 21. Nfxd5 Bxd5
22. Nxd5 Qc8 23. Bb6 Nc6 24. Nxe7+ Nxe7 25. Qxd6 Nf5 26. Qd7 Qxc2 27. e7 Rxe7
28. Qd5+ Ref7 29. Be4 Qc3 30. Bxf5 Qxg3+ 31. Kh1 Kh8 32. Rae1 h6 33. Qxf7 Qd6
34. Qg6 Qd5+ 35. Be4 Rxf1+ 36. Rxf1 Qg8 37. Rf8 a5 38. Qh7# 1-0

[Event "Ä13Ï"]
[Site "Loo"]
[Date "2017.04.25"]
[Round "6.2"]
[White "Ñèäîðîâà, Àëåíà."]
[Black "Òàðèåëàøâèëè, Äèàíà."]
[Result "1-0"]
[WhiteElo "1506"]
[BlackElo "1608"]
[PlyCount "67"]
[EventDate "2017.04.20"]

1. d4 Nf6 2. c4 g6 3. Nc3 Bg7 4. e4 d6 5. f3 O-O 6. Be3 Nc6 7. Qd2 Re8 8. g4 e5
9. Nge2 exd4 10. Nxd4 Ne5 11. Be2 Be6 12. Nd5 c6 13. Nxf6+ Bxf6 14. g5 Bg7 15.
Rc1 Nd7 16. h4 Nf8 17. h5 d5 18. Nxe6 fxe6 19. cxd5 exd5 20. exd5 cxd5 21. hxg6
Nxg6 22. Kf1 Bxb2 23. Qxb2 Rxe3 24. Qxb7 Re7 25. Qb1 Rf7 26. Rc6 Qxg5 27. Rg1
Qe7 28. Qd3 Rd8 29. Qd1 Kf8 30. Qd4 Re8 31. Rc2 Qe5 32. Qc5+ Ree7 33. Qa3 Nf4
34. Rc8# 1-0

[Event "Ä13Ï"]
[Site "Loo"]
[Date "2017.04.25"]
[Round "6.3"]
[White "Ñèò÷èõèíà, Ìèëàíà."]
[Black "Âèòþãîâà, ßðîñëàâà."]
[Result "1/2-1/2"]
[WhiteElo "1592"]
[BlackElo "1509"]
[PlyCount "164"]
[EventDate "2017.04.20"]

1. e4 e6 2. d4 d5 3. Nd2 dxe4 4. Nxe4 Nf6 5. Bd3 b6 6. Ne2 Bb7 7. N2g3 Nc6 8.
c3 Be7 9. Bf4 Qd7 10. Qd2 Nd5 11. O-O-O O-O-O 12. Bc4 h6 13. Ne2 f5 14. N4g3 g5
15. Be5 Nxe5 16. dxe5 h5 17. Nd4 h4 18. Nge2 a6 19. f3 b5 20. Bb3 c5 21. Bxd5
Qxd5 22. Nb3 Qxe5 23. Qc2 Bd5 24. Na5 c4 25. Nd4 Qc7 26. b4 cxb3 27. Naxb3 b4
28. cxb4 Qxc2+ 29. Kxc2 Bxb4 30. Kb1 Kb7 31. Rc1 Rc8 32. Rhd1 Ba3 33. Rc2 Rhd8
34. Rd3 Rxc2 35. Kxc2 Rc8+ 36. Kb1 Ka7 37. h3 f4 38. Nc2 Bf8 39. Ncd4 Kb6 40.
Nd2 e5 41. Nf5 Bf7 42. Ne4 Bg6 43. Nfd6 Rc6 44. Rb3+ Ka7 45. Nb7 Rb6 46. Nd8
Rxb3+ 47. axb3 Kb6 48. Ne6 Be7 49. Kb2 Bxe4 50. fxe4 Kc6 51. Ng7 Bf6 52. Nf5
Kc5 53. Kc3 a5 54. Nh6 Bg7 55. Ng4 Kb5 56. Nf2 Bf8 57. Ng4 Bd6 58. Nf6 Bc5 59.
Ng4 Bd4+ 60. Kc2 Kb4 61. Nf2 Kc5 62. Ng4 Ba1 63. Kd3 Kb4 64. Kc2 a4 65. bxa4
Kxa4 66. Kd3 Kb3 67. Ke2 Kc4 68. Kf3 Kd4 69. Nh6 Bc3 70. Nf7 Be1 71. Nxg5 Bg3
72. Ne6+ Kd3 73. Nc5+ Kd4 74. Ne6+ Kd3 75. Nd8 Be1 76. Nc6 Bc3 77. Ne7 Be1 78.
Ng6 Kd4 79. Nf8 Kd3 80. Nd7 Kd4 81. Nf6 Kd3 82. Nd7 Kd4 1/2-1/2

[Event "Ä13Ï"]
[Site "Loo"]
[Date "2017.04.25"]
[Round "6.4"]
[White "Ä¸ìèíîâà, Ìàðèÿ."]
[Black "Âîëêîâà, Àëèíà."]
[Result "1-0"]
[WhiteElo "1526"]
[BlackElo "1583"]
[PlyCount "69"]
[EventDate "2017.04.20"]

1. e4 e6 2. d4 d5 3. Nd2 Nf6 4. e5 Nfd7 5. Bd3 c5 6. c3 Nc6 7. Ne2 cxd4 8. cxd4
f6 9. Nf4 Nxd4 10. Qh5+ Ke7 11. Ng6+ hxg6 12. exf6+ Nxf6 13. Qxh8 Kf7 14. O-O
e5 15. Nb3 Nxb3 16. axb3 Bf5 17. Bxf5 gxf5 18. Bg5 Qb6 19. Qh3 Qe6 20. Bxf6
Qxf6 21. Ra5 Qe6 22. Rd1 d4 23. f4 d3 24. Rxe5 Qb6+ 25. Kh1 Qxb3 26. Qxf5+ Kg8
27. Rxd3 Qc4 28. h3 b6 29. Rdd5 Qc6 30. Rd7 Qf6 31. Qd3 g6 32. Qd5+ Kh8 33.
Qxa8 Qxf4 34. Re1 Qf2 35. Red1 1-0

[Event "Ä13Ï"]
[Site "Loo"]
[Date "2017.04.25"]
[Round "6.5"]
[White "Áàðàíîâà, Åëèçàâåòà."]
[Black "Áàäìàåâà, Ýëüçÿòà."]
[Result "0-1"]
[WhiteElo "1632"]
[BlackElo "1369"]
[PlyCount "88"]
[EventDate "2017.04.20"]

1. d4 Nf6 2. Nf3 g6 3. b3 Bg7 4. Bb2 O-O 5. g3 Nc6 6. Bg2 d6 7. O-O Bf5 8. Nbd2
Qd7 9. Re1 Bh3 10. a4 Bxg2 11. Kxg2 Rfe8 12. e4 e5 13. dxe5 dxe5 14. Nc4 Qe7
15. Qe2 Nd7 16. Rad1 Rad8 17. Qe3 a6 18. Re2 f6 19. Red2 Qf7 20. Ba3 b5 21.
axb5 axb5 22. Na5 Nxa5 23. Qa7 Nc6 24. Qxc7 Ndb8 25. Qb6 Rxd2 26. Rxd2 Qa7 27.
Bc5 Qxb6 28. Bxb6 Rc8 29. Ne1 Bf8 30. Rd5 b4 31. Kf3 Nd8 32. Rd3 Ne6 33. Ke2
Nc5 34. Bxc5 Bxc5 35. f4 exf4 36. gxf4 Re8 37. Kf3 Nc6 38. Rd5 Bf8 39. Ke3 Ne7
40. Rb5 Nf5+ 41. Kd3 Rd8+ 42. Ke2 Ng7 43. Rb6 Nh5 44. Kf2 Bc5+ 0-1

[Event "Ä13Ï"]
[Site "Loo"]
[Date "2017.04.25"]
[Round "6.6"]
[White "Êàëóñòîâà, Ìàðèíà."]
[Black "Ìèõàéëèíà, Åëåíà."]
[Result "0-1"]
[WhiteElo "1242"]
[BlackElo "1641"]
[PlyCount "114"]
[EventDate "2017.04.20"]

1. e4 c5 2. Nc3 Nc6 3. g3 g6 4. Bg2 Bg7 5. f4 d6 6. Nf3 Nf6 7. O-O O-O 8. d3
Rb8 9. Rb1 b5 10. a3 a5 11. Be3 b4 12. axb4 axb4 13. Ne2 Nd7 14. d4 cxd4 15.
Nexd4 Qc7 16. Qd2 Ba6 17. Rfd1 Na5 18. Rdc1 Nc4 19. Qf2 Nxe3 20. Qxe3 Rfc8 21.
Kh1 Qb6 22. Qd2 Rc7 23. Bh3 Nc5 24. Qe3 Nxe4 25. Qxe4 Bb7 26. Qd3 Qxd4 27. Qxd4
Bxf3+ 28. Bg2 Bxg2+ 29. Kxg2 Bxd4 30. Kf3 Rbc8 31. Ke4 Bg7 32. Kd3 Kf8 33. h4
h5 34. Kd2 Ke8 35. Kd3 Kd7 36. Kd2 Bf6 37. Kd3 Ke6 38. Kd2 Kf5 39. Kd3 Kg4 40.
Kd2 Kxg3 41. Kd3 Kxh4 42. Kd2 Kg4 43. Kd3 Kxf4 44. Kd2 h4 45. Kd3 g5 46. Kd2 g4
47. Kd3 h3 48. Kd2 g3 49. Kd3 h2 50. Kd2 g2 51. Kd3 g1=Q 52. Rxg1 hxg1=Q 53.
Rxg1 Rxc2 54. Rf1+ Kg5 55. Rg1+ Kf5 56. Rf1+ Ke6 57. Re1+ Kd7 0-1

[Event "Ä13Ï"]
[Site "Loo"]
[Date "2017.04.25"]
[Round "6.7"]
[White "Î÷èðîâà, Àíèòà."]
[Black "Òîëñòûõ, Àðèíà."]
[Result "0-1"]
[WhiteElo "1635"]
[BlackElo "1439"]
[PlyCount "52"]
[EventDate "2017.04.20"]

1. e4 c5 2. g3 Nc6 3. Bg2 g6 4. Ne2 Bg7 5. c3 e5 6. O-O d6 7. h3 Nge7 8. d3 O-O
9. Be3 f5 10. Nd2 Be6 11. f4 Qd7 12. Kh2 b5 13. a3 a5 14. Rc1 b4 15. axb4 axb4
16. cxb4 Nxb4 17. exf5 Nxf5 18. Bg1 Nxd3 19. Bxa8 Nxc1 20. Qxc1 Rxa8 21. Nc4
Qb5 22. b3 Qxb3 23. Nd2 Qd3 24. Qd1 Ra2 25. Nf3 Rxe2+ 26. Kh1 Nxg3# 0-1

[Event "Ä13Ï"]
[Site "Loo"]
[Date "2017.04.25"]
[Round "6.9"]
[White "Íàçàðîâà, Àíàñòàñèÿ."]
[Black "Ëîáàíîâà, Ìèëàíà."]
[Result "1-0"]
[WhiteElo "1344"]
[BlackElo "1454"]
[PlyCount "69"]
[EventDate "2017.04.20"]

1. e4 c5 2. Nf3 d6 3. d4 cxd4 4. Nxd4 Nf6 5. Nc3 a6 6. Be3 Ng4 7. Bg5 h6 8. Bh4
g5 9. Bg3 Bg7 10. Qd2 Nc6 11. Nf5 Bxf5 12. exf5 Nd4 13. Bd3 Qd7 14. Nd5 Rb8 15.
Qa5 O-O 16. O-O-O e6 17. Ne3 Nxe3 18. fxe3 Nc6 19. fxe6 fxe6 20. Qd2 Ne5 21.
Be2 Qa4 22. Kb1 d5 23. h4 g4 24. Qd4 Nc4 25. Qxg4 Rbe8 26. Be5 Rf7 27. Bxc4
dxc4 28. Rhf1 Ref8 29. Rf6 Kh8 30. Rxh6+ Kg8 31. Rg6 Kh8 32. Bxg7+ Rxg7 33.
Rxg7 Qc6 34. Qg6 e5 35. Qh7# 1-0

[Event "Ä13Ï"]
[Site "Loo"]
[Date "2017.04.25"]
[Round "6.10"]
[White "Àëèìîâà, Äàíà."]
[Black "Òóêòèíà, Äàðüÿ."]
[Result "1-0"]
[WhiteElo "1388"]
[BlackElo "1454"]
[PlyCount "79"]
[EventDate "2017.04.20"]

1. e4 e5 2. Nf3 Nc6 3. d4 exd4 4. Nxd4 Nf6 5. Nxc6 bxc6 6. e5 Qe7 7. Qe2 Nd5 8.
c4 Nb6 9. Nd2 Bb7 10. b3 O-O-O 11. Bb2 Rg8 12. O-O-O g6 13. Ne4 Qe6 14. Nf6 Rh8
15. h4 h5 16. g3 c5 17. Bh3 Bh6+ 18. f4 Qe7 19. Nd5 Nxd5 20. cxd5 f6 21. e6
dxe6 22. Qxe6+ Qxe6 23. Bxe6+ Kb8 24. Bxf6 Rhf8 25. Bxd8 Rxd8 26. Rhe1 a6 27.
Bf7 Bg7 28. Re8 Bf6 29. Rxd8+ Bxd8 30. Bxg6 Kc8 31. Bxh5 Kd7 32. f5 Kd6 33. Kd2
Bxd5 34. Ke3 Ke5 35. Bf3 c6 36. Bg4 Bb6 37. Kd3 Be4+ 38. Kc3 Ba5+ 39. Kc4 Bb4
40. Rd8 {äàëåå çàïèñü íåðàçáîð~~èâà} 1-0

[Event "Ä13Ï"]
[Site "Loo"]
[Date "2017.04.25"]
[Round "6.11"]
[White "Ìàãèçîâà, ßíà."]
[Black "Ãàíüæèíà, Ìàðèÿ."]
[Result "1/2-1/2"]
[WhiteElo "1610"]
[BlackElo "1408"]
[PlyCount "85"]
[EventDate "2017.04.20"]

1. e4 c5 2. c4 Nc6 3. Nc3 g6 4. g3 d6 5. Bg2 h5 6. h4 Bg7 7. Nge2 Nh6 8. d3 Ng4
9. f3 Nge5 10. Be3 Nb4 11. Nf4 Bh6 12. Ncd5 Nbc6 13. Nh3 Bxe3 14. Nxe3 Bxh3 15.
Rxh3 Qa5+ 16. Kf2 Nb4 17. Bf1 e6 18. a3 Nbc6 19. f4 Nd7 20. Nc2 Qd8 21. Kg1 Qf6
22. Rh2 Nd4 23. Kh1 Nb8 24. Nxd4 Qxd4 25. Qb3 b6 26. Bg2 e5 27. Qa4+ Ke7 28.
fxe5 dxe5 29. Rd1 Qd7 30. Qc2 Nc6 31. Bh3 Qd6 32. Rf2 Rhf8 33. Qd2 Qd4 34. Rdf1
Rad8 35. Rf6 Rd6 36. Qg5 Ke8 37. Rxd6 Qxd6 38. Rf6 Qc7 39. Rxc6 Qxc6 40. Qxe5+
Kd8 41. Qb8+ Ke7 42. Qe5+ Kd8 43. Qb8+ 1/2-1/2

[Event "Ä13Ï"]
[Site "Loo"]
[Date "2017.04.25"]
[Round "6.12"]
[White "Øïàêèâñêàÿ, Àëèíà."]
[Black "Êîâòóí, Òàòüÿíà."]
[Result "1-0"]
[WhiteElo "1657"]
[BlackElo "1459"]
[PlyCount "77"]
[EventDate "2017.04.20"]

1. d4 d5 2. c4 e6 3. Nc3 Nf6 4. Bg5 Nbd7 5. cxd5 exd5 6. e3 c6 7. Nf3 Be7 8.
Bd3 O-O 9. O-O Ne8 10. Bxe7 Qxe7 11. Qc2 Ndf6 12. h3 Nd6 13. b4 a6 14. a4 Bd7
15. Qb3 Nfe8 16. b5 Nc7 17. bxc6 bxc6 18. Qc2 h6 19. Ne5 Rfd8 20. Na2 a5 21.
Nxc6 Bxc6 22. Qxc6 Rdc8 23. Qc2 Ne4 24. Bxe4 dxe4 25. Nc3 Ne6 26. Qxe4 Ra6 27.
Nb5 Qd7 28. Rfc1 Ng5 29. Qf4 Rxc1+ 30. Rxc1 Nxh3+ 31. gxh3 Qxh3 32. Nd6 Qd7 33.
Rc8+ Kh7 34. Qf5+ Qxf5 35. Nxf5 Rg6+ 36. Kf1 Rg5 37. Nd6 h5 38. Nxf7 Rg6 39.
Rh8# 1-0

[Event "Ä13Ï"]
[Site "Loo"]
[Date "2017.04.25"]
[Round "6.13"]
[White "Ôîðîñòÿíàÿ, Ñîôèÿ."]
[Black "Òóìàøåâè÷, Åëèçàâåòà."]
[Result "1/2-1/2"]
[WhiteElo "1179"]
[BlackElo "1506"]
[PlyCount "80"]
[EventDate "2017.04.20"]

1. e4 c5 2. Nf3 Nc6 3. d4 cxd4 4. Nxd4 Nf6 5. Nc3 g6 6. Be3 Bg7 7. Be2 O-O 8.
O-O d6 9. Qd2 Bd7 10. f3 a6 11. Nd5 Rc8 12. c3 Ne5 13. Bh6 Nxd5 14. Bxg7 Kxg7
15. exd5 Nc4 16. Bxc4 Rxc4 17. b3 Rc8 18. c4 b5 19. Qb2 Qb6 20. Kh1 Kg8 21.
cxb5 Bxb5 22. Nxb5 Qxb5 23. Rad1 Rc5 24. Qd4 Rfc8 25. Rfe1 Qb7 26. Qe4 R5c7 27.
f4 Qb5 28. f5 Qc5 29. g4 Kg7 30. b4 Qc2 31. Qxc2 Rxc2 32. fxg6 hxg6 33. Rxe7
Rxa2 34. Rf1 Rcc2 35. Rexf7+ Kh6 36. g5+ Kh5 37. Rh7+ Kxg5 38. Rg1+ Kf6 39. Rh6
Ke5 40. Rg5+ Kd4 1/2-1/2

[Event "Ä13Ï"]
[Site "Loo"]
[Date "2017.04.25"]
[Round "6.14"]
[White "Àôîíàñüåâà, Âàëåðèÿ."]
[Black "Òèìîôååâà, Þëèÿ."]
[Result "0-1"]
[WhiteElo "1498"]
[BlackElo "1427"]
[PlyCount "142"]
[EventDate "2017.04.20"]

1. d4 d5 2. Nf3 Nf6 3. e3 e6 4. Bd3 c5 5. c3 Nc6 6. Nbd2 Bd6 7. O-O O-O 8. dxc5
Bxc5 9. e4 Qc7 10. Qe2 Bd6 11. Re1 Ng4 12. h3 Nge5 13. Bc2 Bd7 14. Nf1 Rfe8 15.
Nh4 d4 16. Bd2 Rac8 17. Rac1 Qb6 18. Bb3 Bc5 19. Red1 Na5 20. cxd4 Nxb3 21.
axb3 Bxd4 22. Be3 Bb5 23. Qd2 Rxc1 24. Rxc1 Bxe3 25. Qxe3 Qxe3 26. Nxe3 Bc6 27.
Nf3 Nd3 28. Rc4 Rd8 29. Nd1 h6 30. Kh2 Kf8 31. Kg3 Ne1 32. Ne3 Nxf3 33. gxf3
Ke7 34. e5 a6 35. Kg2 Rc8 36. Rc3 b5 37. b4 Kd7 38. Rd3+ Kc7 39. Kg3 Ra8 40.
Ra3 Kb6 41. f4 a5 42. Nc2 Be4 43. bxa5+ Rxa5 44. b4 Ra4 45. Rxa4 bxa4 46. Na3
Kc6 47. f3 Bd3 48. Kf2 Kd5 49. Ke3 Ba6 50. h4 h5 51. b5 Bc8 52. Kd3 Kc5 53. Kc3
Bd7 54. Nc4 Bxb5 55. Nd6 a3 56. Kb3 Bc6 57. Nxf7 Bxf3 58. Ng5 Bg4 59. Kxa3 Kd4
60. Kb4 Ke3 61. Kc5 Kxf4 62. Kd6 Kg3 63. Nxe6 g6 64. Ng7 Kxh4 65. e6 Bxe6 66.
Kxe6 Kg4 67. Kf6 h4 68. Ne6 h3 69. Nd4 h2 70. Kxg6 h1=Q 71. Kf6 Qh6+ 0-1

[Event "Ä13Ï"]
[Site "Loo"]
[Date "2017.04.25"]
[Round "6.15"]
[White "Äåäóøèíñêàÿ, Àííà."]
[Black "Ãàåð, Ìàðãàðèòà."]
[Result "1-0"]
[WhiteElo "1482"]
[BlackElo "1421"]
[PlyCount "105"]
[EventDate "2017.04.20"]

1. e4 c5 2. Nc3 Nc6 3. g3 g6 4. Bg2 Bg7 5. d3 d6 6. Be3 e5 7. Nge2 Nge7 8. f4
Nd4 9. Qd2 Qb6 10. O-O-O Be6 11. h3 O-O-O 12. g4 Qa6 13. Kb1 Nxe2 14. Qxe2 exf4
15. Bxf4 Bxc3 16. bxc3 Qa3 17. c4 b5 18. Bc1 Qb4+ 19. Bb2 bxc4 20. c3 Qb5 21.
d4 Kc7 22. d5 Bd7 23. e5 Nc8 24. Rhf1 f5 25. e6 Be8 26. Qf2 Nb6 27. Ka1 Na4 28.
Rb1 Qa5 29. Rfc1 Rb8 30. Qh4 Kc8 31. Qf6 Rg8 32. e7 Bd7 33. Bf3 Rb6 34. Qf8+
Rxf8 35. exf8=Q+ Kc7 36. Qh8 Ra6 37. Rc2 Rb6 38. Bc1 Rb3 39. axb3 Nxc3+ 40. Kb2
Nxb1 41. Kxb1 cxb3 42. Rb2 c4 43. Bd2 Qc5 44. Qc3 fxg4 45. Bxg4 Bb5 46. Qg7+
Kb6 47. Qc3 Qxd5 48. Bf3 Qf5+ 49. Kc1 d5 50. Bxd5 Qxd5 51. Be3+ Kb7 52. Qg7+
Bd7 53. Rd2 1-0

[Event "Ä13Ï"]
[Site "Loo"]
[Date "2017.04.25"]
[Round "6.16"]
[White "Ëóêüÿí÷åíêî, Àëèñà."]
[Black "Ñìàëåâà, Ñòàíèñëàâà."]
[Result "1-0"]
[WhiteElo "1463"]
[BlackElo "1397"]
[PlyCount "117"]
[EventDate "2017.04.20"]

1. c4 e6 2. e3 d5 3. a3 Nf6 4. Nf3 Nbd7 5. b3 Be7 6. Bb2 O-O 7. Be2 c5 8. O-O
b6 9. d3 Bb7 10. Nbd2 Rc8 11. Ne5 Nxe5 12. Bxe5 Nd7 13. Bb2 Bf6 14. Bxf6 Nxf6
15. Nf3 Re8 16. Rc1 d4 17. exd4 cxd4 18. Ne5 Nd7 19. Bf3 Bxf3 20. Nxf3 e5 21.
Re1 f6 22. b4 a6 23. Nd2 Nb8 24. Ne4 Qd7 25. Qb3 Kh8 26. f3 Red8 27. Rc2 Nc6
28. Rec1 Ne7 29. c5 bxc5 30. Nxc5 Qa7 31. Ne6 Rxc2 32. Rxc2 Rc8 33. Rxc8+ Nxc8
34. Qc4 Ne7 35. Qc7 Qxc7 36. Nxc7 Nc8 37. Nxa6 Nb6 38. Nc5 Kg8 39. a4 Kf7 40.
a5 Na8 41. b5 Ke7 42. b6 Nxb6 43. axb6 Kd6 44. b7 Kc7 45. g4 g6 46. Kf2 h5 47.
gxh5 gxh5 48. Kg3 f5 49. Kh4 e4 50. fxe4 f4 51. e5 f3 52. Kg3 f2 53. Kxf2 h4
54. e6 Kb8 55. e7 Kc7 56. e8=Q h3 57. Qd7+ Kb6 58. b8=Q+ Ka5 59. Qda7# 1-0

[Event "Ä13Ï"]
[Site "Loo"]
[Date "2017.04.25"]
[Round "6.17"]
[White "Ìàòòåó, Ñîôèÿ."]
[Black "Ëåáåäåâà, Óëüÿíà."]
[Result "0-1"]
[WhiteElo "1346"]
[BlackElo "1560"]
[PlyCount "134"]
[EventDate "2017.04.20"]

1. e4 c5 2. g3 Nc6 3. Bg2 g6 4. Ne2 Bg7 5. c3 d6 6. O-O Nf6 7. d4 cxd4 8. cxd4
O-O 9. h3 Qb6 10. Nbc3 Bd7 11. Rb1 a6 12. Be3 Qc7 13. f4 e5 14. fxe5 dxe5 15.
d5 Na5 16. b3 Rac8 17. Rc1 Qd6 18. Qd2 b6 19. Nd1 Rxc1 20. Nxc1 Rc8 21. Nd3 Bb5
22. Nc3 Bxd3 23. Qxd3 b5 24. Kh2 Nb7 25. Rc1 Rc7 26. Ne2 Rxc1 27. Nxc1 Qc7 28.
Ne2 Bf8 29. Qc3 Qxc3 30. Nxc3 Bb4 31. Bg5 Nd7 32. Nb1 f6 33. Be3 Bc5 34. Bxc5
Ndxc5 35. b4 Nd3 36. a3 Ne1 37. g4 Nd6 38. Bh1 Nc2 39. Bf3 Nc4 40. Bd1 N2xa3
41. Nxa3 Nxa3 42. Be2 Nc2 43. Kg2 Kf8 44. Kf2 Ke7 45. Bf1 Nxb4 46. Ke2 Kd6 47.
Kd2 Kc5 48. Kc3 g5 49. Be2 a5 50. d6 Nc6 51. Bf1 b4+ 52. Kb3 Kxd6 53. Bc4 Kc5
54. Bd5 h6 55. Ka4 Ne7 56. Bb3 Kd4 57. Bc2 Nc8 58. Kxa5 Nd6 59. Kxb4 Nxe4 60.
Bxe4 Kxe4 61. Kc4 f5 62. gxf5 Kxf5 63. Kd5 Kf4 64. Ke6 e4 65. Kf6 e3 66. Kg6 e2
67. Kxh6 e1=Q 0-1

[Event "Ä13Ï"]
[Site "Loo"]
[Date "2017.04.25"]
[Round "6.18"]
[White "Âåòîõèíà, Ñîôüÿ."]
[Black "Äîí÷åíêî, Åêàòåðèíà."]
[Result "1-0"]
[WhiteElo "1333"]
[BlackElo "1534"]
[PlyCount "87"]
[EventDate "2017.04.20"]

1. d4 Nf6 2. c4 g6 3. Nf3 Bg7 4. g3 O-O 5. Bg2 d6 6. O-O Nc6 7. Nc3 a6 8. e4
Bg4 9. h3 Bxf3 10. Bxf3 Nd7 11. Be3 Rb8 12. a4 Na5 13. b3 c5 14. Rb1 Nc6 15.
Ne2 h6 16. Bg2 Kh7 17. d5 Nb4 18. Bd2 b5 19. Bxb4 cxb4 20. cxb5 axb5 21. Nd4
Bxd4 22. Qxd4 bxa4 23. bxa4 Qa5 24. Rfc1 Nc5 25. Rc4 b3 26. e5 Qa6 27. Bf1 Qb6
28. exd6 exd6 29. Be2 Rfe8 30. Bf3 b2 31. Rc2 Qa5 32. Rcxb2 Rxb2 33. Rxb2 Qxa4
34. Qxa4 Nxa4 35. Rb7 Kg7 36. Rd7 Re5 37. Rxd6 Nc3 38. Kg2 f6 39. Rd7+ Kf8 40.
d6 Re6 41. Rd8+ Kf7 42. Rc8 Ne4 43. Bxe4 Rxe4 44. d7 1-0